header

The large group re-visited (Record no. 48118)

MARC details
000 -LEADER
fixed length control field 01386nam a2200337Ia 4500
082 04 - DEWEY DECIMAL CLASSIFICATION NUMBER
Classification number 616.89152
245 04 - TITLE STATEMENT
Title The large group re-visited
260 ## - PUBLICATION, DISTRIBUTION, ETC. (IMPRINT)
Place of publication London ;
-- New York :
Name of publisher Jessica Kingsley,
Year of publication 2003.
300 ## - PHYSICAL DESCRIPTION
Number of Pages 240 p. :
Other physical details ill.
490 1# - SERIES STATEMENT
Series statement The international library of group analysis ;
650 #0 - SUBJECT ADDED ENTRY--TOPICAL TERM
Topical Term Group psychoanalysis.
Topical Term Social groups.
700 1# - ADDED ENTRY--PERSONAL NAME
Personal name Schneider, S.
Personal name Weinberg, Haim.
856 40 - ELECTRONIC LOCATION AND ACCESS
Uniform Resource Identifier http://site.ebrary.com/lib/rucke/Doc?id=10064460

No items available.

© 2026 Rongo University
Contact us: librarian | system librarian | Rongo university